| 000 | 00390nam a2200157Ia 4500 | ||
|---|---|---|---|
| 008 | 230917s9999||||xx |||||||||||||| ||und|| | ||
| 020 | _cRS150 | ||
| 040 |
_e4452 _aMAIN |
||
| 041 | _aEnglish | ||
| 082 | _a332.456 D496E | ||
| 100 | _aDevi Singh | ||
| 245 | 0 | _aEconomics of exchange rate management | |
| 260 |
_aNew Delhi _bCriterion Publications _c1986 |
||
| 300 | _a204 p. | ||
| 942 | _cBK | ||
| 999 |
_c54025 _d54025 |
||